Дело о разных домогательствах бывшего профессора Казанского университета Жобара

Доступно только в Электронных читальных залах Найти на картеНа карте
RUSMARC
00003789nmc2a22000003x 450
0014396cc76-0336-4305-bbc7-a30225d508d6
00520180710164518.0
100##$a20160411l18641870k l0rusy0189 ca
1010#$arus
$afre
102##$aRU
2001#$aДело о разных домогательствах бывшего профессора Казанского университета Жобара
$j31 января 1864 г. - 30 июля 1870 г.
251##$cДело
300##$aНа русском и французском языках
801#0$aRU
$bРГИА
$c20160411
$gRCR
801#1$aRU
$bГлавНИВЦ
$c20160411
$2rusmarc
801#2$aRU
$bПБ им. Б.Н. Ельцина
$c20180710
$gRCR
$2rusmarc
850##$aРГИА
852##$aРГИА
$eФедеральное казенное учреждение "Российский государственный исторический архив" (РГИА)
$j246
937##$hРГИА
$d12194330
$aASBIBLIO_SCAN
462#0$100175ee99a9-5750-4f16-9283-bc673fb37de8
$12001
$aДела разряда высших учебных заведений Департамента народного просвещения за 1838-1872 гг.
$1251
$cОпись
$1852
$j147
461#0$1001a74412a3-3cc5-4d21-8f0a-dfe2fbd9e72d
$12001
$aДепартамент народного просвещения Министерства народного просвещения (1803-1917)
$1251
$cФонд
$1852
$j733
215##$a43 л.
$d36,5х26 см
371##$aДокумент не является опубликованным и широко распространяемым
105##$ay###
1222#$ad
035##$a4396cc76-0336-4305-bbc7-a30225d508d6
856##$uhttp://readingroom.main.prlib.ru/item.aspx?id_node=n116987288&mode=full
Формат отображения